All Fanged Wyverns in Monster Hunter - Statistics

General Stats
  • This quiz has been taken 6 times
  • The average score is 13 of 14
Answer Stats
Hint Answer % Correct
5th Generation Apex Zinogre
100%
5th Generation Ebony Odogaron
100%
5th Generation Great Girros
100%
5th Generation Great Jagras
100%
5th Generation Odogaron
100%
3rd Generation Stygian Zinogre
100%
4th Generation Thunderlord Zinogre
100%
5th Generation Tobi-Kadachi
100%
5th Generation Viper Tobi-Kadachi
100%
3rd Generation Zinogre
100%
5th Generation Dodogama
80%
5th Generation Lunagaron
80%
5th Generation Magnamalo
60%
5th Generation Scorned Magnamalo
60%
No matching quizzes found
Score Distribution
Percent of People with Each Score
Percentile by Number Answered
Your Score History
You have not taken this quiz